| 000 | 00650nam a22002177a 4500 | ||
|---|---|---|---|
| 003 | UA-OsUOA | ||
| 001 | 72425 | ||
| 007 | ta | ||
| 008 | 20110118b un ||||| |||| 00| 0 ukr d | ||
| 100 | _aВертійчук М. | ||
| 090 |
_a94(477) _bВ35 |
||
| 942 | _cSA | ||
| 040 |
_aUA-OsUOA _bukr _cUA-OsUOA _dUA-OsUOA |
||
| 245 | _aЧи зупинена денаціоналізація України? (Аналіз історії любові слов'ян до України) | ||
| 300 | _aС.5 | ||
| 955 | _a0 | ||
| 041 | _aukr | ||
| 080 | _a94(477) | ||
| 773 | 0 | _w72424 | |
| 650 | 7 |
_a9 Географія. Біографії. Історія _2UDC |
|
| 999 |
_c358710 _d358710 |
||